000
00299nam a22001217a 4500
008
170713b xxu||||| |||| 00| 0 eng d
041
_a
eng
080
_a
038
100
_a
23
101
_a
FJA
245
_a
WEBSTERS NEW IDEAL DICTIONARY THE ENGLISH LANGUAGE
_c
METRRIAM.G.C
942
_2
udc
_c
BK
999
_c
20410
_d
20410